01086nam a22002537a 4500003000900000005001700009007000300026008004100029020001800070040002500088082001600113100002500129245008700154260003600241300002100277500007200298590002700370910001400397942001400411952012600425952013200551952013200683999001700815DO-SdBNP20221115105222.0ta110301s2012 dr ac 000 0 spa d a9789945222289 aDO-SdBNPbspacBNPHU 4axxxxbS237l aSantos, Carlos9198710aLetras blancas :bpoemas, encantos y flores para una ocasión... /cCarlos Santos aSanto Domingo :bBúho,c2022. a119 p. :c23 cm. aIncluye datos biográficos del autor en la solapa de la portada.  aInventariado, 2022/ YL aYLockward 2ddccLBS1 00102ddc51708PDaBNPHUbBNPHUcCTd2022-10-07eEditora Búhol0oxxxx S237lp2022-5371r2022-11-15w2022-11-15yLBS1 00102ddc51708PDaBNPHUbBNPHUcCTd2022-10-07eEditora Búhol0oxxxx S237lp2022-5372r2022-11-15te. 2w2022-11-15yLBS1 00102ddc56708DSaBNPHUbBNPHUcCTd2022-10-07eEditora Búhol0oxxxx S237lp2022-5373r2022-11-15te. 3w2022-11-15yLBS1 c52936d52936